000 00228nam a2200097Ia 4500
005 20251222114342.0
008 251222s1900||||xx |||||||||||||| ||spa||
082 _aDVD0080/E11/2006/BR
245 0 _aCartas desde Iwo Jima:
942 _cDVD
999 _c894
_d894